LEADER 00981nam a2200253 i 4500 001 991002906259707536 008 160408r19811959inu b 001 0 eng 020 $a0913966878 035 $ab14252594-39ule_inst 040 $aDip.to di Storia, Società e Studi sull'Uomo$bita 082 04$a321.020973 100 1 $aMorley, Felix$0255171 245 10$aFreedom and federalism /$cFelix Morley 260 $aIndianapolis :$bLiberty fund,$cc1981 300 $aXXVI, 323 p. :$b1 ritr. ;$c22 cm 500 $aRipr. dell'ed.: Chicago : Regnery, 1959 504 $aContiene riferimenti bibliografici e indice 650 4$aFederalismo$zStati Uniti d'America$y1788-1800 907 $a.b14252594$b13-06-16$c08-04-16 912 $a991002906259707536 945 $aLE023 321.02 MOR 1 1 $g1$i2023000143636$lle023$op$pE16.35$q-$rl$s- $t0$u0$v0$w0$x0$y.i15724773$z08-06-16 996 $aFreedom and federalism$9253520 997 $aUNISALENTO 998 $ale022$b02-06-16$cm$da $e-$feng$ginu$h0$i0 LEADER 02517nam 2200637 a 450 001 9910786952703321 005 20230803030106.0 010 $a1-55570-903-6 035 $a(CKB)2670000000359703 035 $a(EBL)1187221 035 $a(SSID)ssj0000889953 035 $a(PQKBManifestationID)12421351 035 $a(PQKBTitleCode)TC0000889953 035 $a(PQKBWorkID)10882931 035 $a(PQKB)10390691 035 $a(OCoLC)868950004 035 $a(MiAaPQ)EBC1187221 035 $a(Au-PeEL)EBL1187221 035 $a(CaPaEBR)ebr10751724 035 $a(OCoLC)843882785 035 $a(EXLCZ)992670000000359703 100 $a20130911d2013 uy 0 101 0 $aeng 135 $aur|n|---||||| 181 $ctxt 182 $cc 183 $acr 200 00$aUsing libguides to enhance library services$b[electronic resource]$ea LITA guide /$fedited by Aaron W. Dobbs, Ryan L. Sittler, and Douglas Cook 210 $aChicago, Ill. $cALA TechSource$dc2013 215 $a1 online resource (330 p.) 300 $aDescription based upon print version of record. 311 $a1-55570-880-3 320 $aIncludes bibliographical references at the end of each chapters and index. 330 $aThe easy-to-use tools in Springshare's LibGuides help you organize webpages, improve students' research experience and learning, and offer an online community of librarians sharing their work and ideas. Editors Dobbs, Sittler, and Cook have recruited expert contributors to address specific applications, creating a one-stop reference. 606 $aLibrary Web sites$xDesign 606 $aDigital libraries$xDesign 606 $aLibraries$xSpecial collections$xComputer network resources 606 $aLibrary information networks 606 $aElectronic information resource literacy 615 0$aLibrary Web sites$xDesign. 615 0$aDigital libraries$xDesign. 615 0$aLibraries$xSpecial collections$xComputer network resources. 615 0$aLibrary information networks. 615 0$aElectronic information resource literacy. 676 $a025.0422 701 $aDobbs$b Aaron W.$f1968-$01518188 701 $aSittler$b Ryan$01518189 701 $aCook$b Douglas$f1951-$01518190 712 02$aLibrary and Information Technology Association (U.S.) 801 0$bMiAaPQ 801 1$bMiAaPQ 801 2$bMiAaPQ 906 $aBOOK 912 $a9910786952703321 996 $aUsing libguides to enhance library services$93755609 997 $aUNINA LEADER 01953nam 2200541zu 450 001 9910375759103321 005 20210807005100.0 010 $a1-4673-1822-1 035 $a(CKB)3780000000085120 035 $a(SSID)ssj0001456097 035 $a(PQKBManifestationID)11952341 035 $a(PQKBTitleCode)TC0001456097 035 $a(PQKBWorkID)11409232 035 $a(PQKB)10095678 035 $a(WaSeSS)IndRDA00038065 035 $a(Association for Computing Machinery)10.5555/2663608 035 $a(EXLCZ)993780000000085120 100 $a20160829d2012 uy 101 0 $aeng 135 $aur||||||||||| 181 $ctxt 182 $cc 183 $acr 200 10$a2012 7th International Workshop on Automation of Software Test (AST) : proceedings : June 2-3, 2012, Zurich, Switzerland 210 31$a[Place of publication not identified]$cIEEE Press$d2012 215 $a1 online resource (159 pages) 225 1 $aACM Conferences 300 $aBibliographic Level Mode of Issuance: Monograph 410 0$aACM Conferences 517 1 $aAST 517 1 $aAutomation of Software Test 517 1 $aProceedings of the 7th International Workshop on Automation of Software Test 606 $aComputer software$xTesting$xAutomation$vCongresses 606 $aSoftware engineering$vCongresses 606 $aEngineering & Applied Sciences$2HILCC 606 $aComputer Science$2HILCC 615 0$aComputer software$xTesting$xAutomation 615 0$aSoftware engineering 615 7$aEngineering & Applied Sciences 615 7$aComputer Science 701 $aHoffman$b Daniel M$067042 712 02$aACM Digital Library. 712 02$aInstitute of Electrical and Electronics Engineers. 801 0$bPQKB 906 $aBOOK 912 $a9910375759103321 996 $a2012 7th International Workshop on Automation of Software Test (AST) : proceedings : June 2-3, 2012, Zurich, Switzerland$92238030 997 $aUNINA